The engineering implications of rising groundwater levels in the deep aquifer beneath London (Record no. 92668)

MARC details
000 -LEADER
fixed length control field 00852cam a2200277 4500
008 - FIXED-LENGTH DATA ELEMENTS--GENERAL INFORMATION
fixed length control field 090401t1989 xxu||||| |||| 00| 0 eng d
020 ## - INTERNATIONAL STANDARD BOOK NUMBER
International Standard Book Number 0860173038
035 ## - SYSTEM CONTROL NUMBER
System control number (Sirsi) u50140
041 ## - LANGUAGE CODE
Language code of text/sound track or separate title eng
050 ## - LIBRARY OF CONGRESS CALL NUMBER
Classification number 627.17
100 ## - MAIN ENTRY--PERSONAL NAME
Personal name Simpson, B.
245 #4 - TITLE STATEMENT
Title The engineering implications of rising groundwater levels in the deep aquifer beneath London
260 ## - PUBLICATION, DISTRIBUTION, ETC.
Place of publication, distribution, etc. London
Name of publisher, distributor, etc. Construction Industry Research and Infor
Date of publication, distribution, etc. 1989
300 ## - PHYSICAL DESCRIPTION
Extent 116p., 18 folded leaves of plates : ill.,maps ; 30cm.
350 ## - PRICE (NR) (BK AM CF MU VM SE) [OBSOLETE]
Price 25
490 ## - SERIES STATEMENT
Series statement CIRIA Special Publication
Volume/sequential designation 69
650 ## - SUBJECT ADDED ENTRY--TOPICAL TERM
Topical term or geographic name entry element FLOODING
650 ## - SUBJECT ADDED ENTRY--TOPICAL TERM
Topical term or geographic name entry element BUILT ENVIRONMENT-BUILDING ELEMENTS-COMPLETE BUILDING ELEMENTS-FOUNDATIONS
650 ## - SUBJECT ADDED ENTRY--TOPICAL TERM
Topical term or geographic name entry element TUNNELS
650 ## - SUBJECT ADDED ENTRY--TOPICAL TERM
Topical term or geographic name entry element WATER TABLE
700 ## - ADDED ENTRY--PERSONAL NAME
Personal name Blower, T.
700 ## - ADDED ENTRY--PERSONAL NAME
Personal name Craig, R.N.
700 ## - ADDED ENTRY--PERSONAL NAME
Personal name Wilkinson, W.B.
942 ## - ADDED ENTRY ELEMENTS (KOHA)
Suppress in OPAC 0
948 ## - LOCAL PROCESSING INFORMATION (OCLC); SERIES PART DESIGNATOR (RLIN)
c (OCLC) 04/03/1997
Holdings
Withdrawn status Lost status Source of classification or shelving scheme Damaged status Not for loan Home library Current library Shelving location Date acquired Cost, normal purchase price Total Checkouts Full call number Barcode Date last seen Date last checked out Copy number Cost, replacement price Price effective from Koha item type
    Dewey Decimal Classification     London London Folio 14/09/1999 25.00 3 F627.17 30016717 06/08/2019 19/12/2003 1 25.00 06/08/2019 Book